01158naa#a2200169#i#4500001002300000005001700023011001400040100004100054102000700095200019300102210016900295215001000464608004500474675042200519700003200941856001500973RU\INFRA-M\bibl\11551620260513195121.3##a1998-0701##a20260430b2026####ek#y0rusy0150####ca##aRU1#aВлияние пузырей активов на структурные изменения в региональных экономиках РоссииeЖурнальная статья1#aМоскваcОбщество с ограниченной ответственностью «Научно-издательский центр ИНФРА-М»d2026##a9 с.##aЖурнальная статья2local##aРегиональная, территориальная экономическая политика, планирование и прогнозирование. 332.14aЭкономическая политика в области туризма. Экономика туризма. 338.48aМатематическая экономия. 330.4aПроверка отчетности. Аудит. Ревизия. 657.6#1aПоливаловgА. А.4#anaukaru.ru